| 000 | 01323cad a22002175a 4500 | ||
|---|---|---|---|
| 001 | L149287 | ||
| 008 | 100217s2010 xxk f 000 0 eng d | ||
| 035 | _a(Sirsi) u149287 | ||
| 041 | 0 | _aeng | |
| 100 | 1 | _aCook, Ian | |
| 245 | 0 | 0 |
_aLook back with care _bretrospective residential mortgage valuations _h[electronic resource] |
| 260 | _c2010 | ||
| 490 |
_aRICS Residential Property Journal _vJan-Feb 2010, 14-15(2) |
||
| 520 | _aFor repossession purposes, retrospective valuations are intended to be only "an initial opinion of the retrospective (value) as part of the repossession valuation instruction" (Council of Mortgage Lenders (CML): Valuation advice in repossession case, September 2009) [see E148428]. Yet, recently, a lack of understanding of the nature of these valuations has resulted in claims being instituted by negligence lawyers on behalf of lender clients. RICS issued in November 2009 a "valuation alert" and CML published advice to lenders on the same subject. | ||
| 590 | _aKA | ||
| 651 | 4 |
_aEngland and Wales _y1543- |
|
| 690 | _aPROPERTY-RESIDENTIAL PROPERTY-ACQUISITION AND DISPOSAL OF RESIDENTIAL PROPERTY-HOME BUYING REFORM | ||
| 700 | 1 | _aBrindle, Ian | |
| 856 | 4 | 0 |
_uhttps://www.rics.org/site/download_feed.aspx?fileID=5567 _zView this item (member-only access) at www.rics.org |
| 942 | _n0 | ||
| 999 |
_c82112 _d82112 |
||